Make it with paper (Record no. 6524)

MARC details
000 -LEADER
fixed length control field 00654nam a2200253 i 4500
001 - CONTROL NUMBER
control field C2-0037031
003 - CONTROL NUMBER IDENTIFIER
control field PPAK
005 - DATE AND TIME OF LATEST TRANSACTION
control field 20190630222051.0
008 - FIXED-LENGTH DATA ELEMENTS--GENERAL INFORMATION
fixed length control field 970220s1992 enka|||| ||||| | eng d
020 ## - INTERNATIONAL STANDARD BOOK NUMBER
International Standard Book Number 1856272362
040 ## - CATALOGING SOURCE
Original cataloging agency PPAK
Language of cataloging eng
Transcribing agency PPAK
Description conventions rda
082 04 - DEWEY DECIMAL CLASSIFICATION NUMBER
Classification number 796.982
Edition number 23
090 00 - LOCALLY ASSIGNED LC-TYPE CALL NUMBER (OCLC); LOCAL CALL NUMBER (RLIN)
Classification number (OCLC) (R) ; Classification number, CALL (RLIN) (NR) 796.982
Feature heading JAC
Feature heading R
100 1# - MAIN ENTRY--PERSONAL NAME
Personal name Jackson, Paul,
Relator term author
245 10 - TITLE STATEMENT
Title Make it with paper
264 #1 - PRODUCTION, PUBLICATION, DISTRIBUTION, MANUFACTURE, AND COPYRIGHT NOTICE
Place of production, publication, distribution, manufacture London :
Name of producer, publisher, distributor, manufacturer Grange Books ,
Date of production, publication, distribution, manufacture, or copyright notice 1992
300 ## - PHYSICAL DESCRIPTION
Extent 175 pages :
Other physical details illustrations ;
Dimensions 28 cm
336 ## - CONTENT TYPE
Source rdacontent
Content type term text
337 ## - MEDIA TYPE
Source rdamedia
Media type term unmediated
338 ## - CARRIER TYPE
Source rdacarrier
Carrier type term volume
650 10 - SUBJECT ADDED ENTRY--TOPICAL TERM
Topical term or geographic name entry element Paper work
700 ## - ADDED ENTRY--PERSONAL NAME
Relator term author
942 ## - ADDED ENTRY ELEMENTS (KOHA)
-- dc
Koha item type Book
Holdings
Withdrawn Not for loan Current library Shelving location Date acquired Full call number Barcode Date last seen Koha item type Total Checkouts
  Not For Loan Perpustakaan Alor Setar Rujukan Dewasa 11/07/1998 R 796.982 JAC A00108648 08/05/2018 Book  
  Not For Loan Perpustakaan Alor Setar Rujukan Dewasa 01/07/1998 R 796.982 JAC A00143197 08/05/2018 Book  
  Not For Loan Perpustakaan Awam Sungai Petani Rujukan Dewasa 13/04/2004 R 796.982 JAC A00422251 08/05/2018 Book  
  Not For Loan Perpustakaan Awam Sungai Petani Rujukan Dewasa 17/03/2004 R 796.982 JAC A00424335 08/05/2018 Book  
  Not For Loan Perpustakaan Jitra Rujukan Dewasa 07/02/2004 R 796.982 JAC A00846730 08/05/2018 Book  
  Not For Loan Perpustakaan Jitra Rujukan Dewasa 24/03/2004 R 796.982 JAC A00846775 08/05/2018 Book  
  Not For Loan Perpustakaan Kulim Rujukan Dewasa 14/04/2004 R 796.982 JAC A00344877 08/05/2018 Book  
  Not For Loan Perpustakaan Langkawi Rujukan Dewasa 30/10/2005 R 796.982 JAC A00356114 08/05/2018 Book